| 000 | 00912nam a22003610a 4500 | ||
|---|---|---|---|
| 001 | UByD000732 | ||
| 003 | AR-LpoUNG | ||
| 005 | 20220712230809.0 | ||
| 008 | 220712s2006||||ag |||||||||||||||||spa d | ||
| 020 | _a9879350162 | ||
| 040 |
_aAR-LpoUNG _bspa _cAR-LpoUNG _eaacr |
||
| 041 | _aspa | ||
| 044 | _aag | ||
| 082 | 0 | _aA864 335pau | |
| 100 | 1 | _aTesler, Mario | |
| 245 | 1 | 0 | _aPaul Groussac en la Biblioteca Nacional |
| 250 | _a1ra. ed. | ||
| 260 |
_aBuenos Aires : _bBiblioteca Nacional, _c2006. |
||
| 300 |
_a110 p. : _bil. |
||
| 650 | 4 | _aARGENTINA | |
| 650 | 4 | _aLITERATURA | |
| 650 | 4 | _aENSAYO | |
| 650 | 4 | _aHISTORIA CULTURAL | |
| 650 | 4 | _aBIBLIOTECA NACIONAL | |
| 650 | 4 | _aBIBLIOTECARIO | |
| 650 | 4 | _aESCRITOR | |
| 650 | 4 | _aBIOGRAFIAS | |
| 653 | _aLITERATURA ARGENTINA | ||
| 653 | 1 | _aGROUSSAC, PAUL | |
| 700 | 1 |
_aÁlvarez, Germán _ecol. |
|
| 905 | _a57392 | ||
| 942 |
_cLIB _2ddc |
||
| 999 |
_c63417 _d63417 |
||